Culture Générale - Série 226 - Statistiques

Statistiques générales
  • Ce quiz a été pris 292 fois
  • Le résultat moyen est 7 sur 10
Statistiques - réponses
Question Réponse % Correct
Sous quel nom de produit alimentaire connaît-on mieux le saccharose ? Le sucre
96%
Dans quel pays se trouvent les villes d'Adélaïde et de Brisbane ? L'Australie
90%
Quelle héroïne de Walt Disney chante "Un jour, mon prince viendra" ? Blanche-Neige
86%
Quelle est la carte la plus faible à la belote ? Le 7
73%
Dans quel pays fut fondé en 1912 le parti du Guomindang ? La Chine
68%
Quel genre d'animaux dégustez-vous si vous mangez des ablettes ? Des poissons
63%
Combien font 10 à la puissance "moins 1" ? 0,1
57%
En géométrie, quel nom porte une portion de cercle délimitée par deux points ? Arc
46%
Dans quelle ville Riri, Fifi et Loulou habitent-ils avec leur oncle ? Donaldville
37%
Comment s'appelle "la douce" d'après le titre d'un film de Billy Wilder ? Irma
35%
Aucun quiz correspondant
Distribution des résultats
% des personnes avec chaque résultat
Percentile par nombre de réponses
Votre historique - résultats
Vous n’avez pas pris ce quiz